| 000 | 00744nam a2200253Ia 4500 | ||
|---|---|---|---|
| 003 | GCL | ||
| 008 | 140319s9999 xx 000 0 ara d | ||
| 040 |
_aGCL / _cGCL |
||
| 082 | 0 | 4 |
_a612.88 _bش ا |
| 100 | 1 | _aشوشار بول | |
| 245 | 1 | 0 |
_aالالم / _cشوشار بول |
| 700 | 1 | _aهالة مراد | |
| 260 |
_a[S.N] : _bدار المستقبل العربى ، _c1992 |
||
| 300 | _a126 ص | ||
| 490 |
_aالمكتبة العالمية _v0 |
||
| 650 | 0 | 4 | _aالامراض |
| 650 | 0 | 4 | _aالانفعالات النفسية |
| 650 | 0 | 4 | _aالجوانب النفسية |
| 650 | 0 | 4 | _aالالم |
| 650 | 0 | 4 | _aالجوانب الفسيولوجية |
| 650 | 0 | 4 | _aالاحساس |
| 650 | 0 | 4 | _aالمعاناة |
| 942 |
_2ddc _cBK |
||
| 999 |
_c36035 _d36035 |
||